Ṭhākurabār̥īra kathā. (Record no. 73445)

MARC details
000 -LEADER
fixed length control field 00695cam a22002531 4500
001 - CONTROL NUMBER
control field sa 67002815
003 - CONTROL NUMBER IDENTIFIER
control field DLC
005 - DATE AND TIME OF LATEST TRANSACTION
control field 20260227112333.0
008 - FIXED-LENGTH DATA ELEMENTS--GENERAL INFORMATION
fixed length control field 890809s1966 ii cj b 000 0 beno
010 ## - LIBRARY OF CONGRESS CONTROL NUMBER
LC control number sa 67002815
035 ## - SYSTEM CONTROL NUMBER
System control number (OCoLC)20149826
040 ## - CATALOGING SOURCE
Original cataloging agency DLC
Transcribing agency WaU
Modifying agency DLC
042 ## - AUTHENTICATION CODE
Authentication code premarc
050 00 - LIBRARY OF CONGRESS CALL NUMBER
Classification number PK1725
Item number .B29
100 1# - MAIN ENTRY--PERSONAL NAME
Personal name Banerjee, Hiranmay,
Dates associated with a name 1905-
245 10 - TITLE STATEMENT
Title Ṭhākurabār̥īra kathā.
260 ## - PUBLICATION, DISTRIBUTION, ETC.
Date of publication, distribution, etc. [1966]
300 ## - PHYSICAL DESCRIPTION
Extent 6, 280 p.
Other physical details geneal. tables, ports.
Dimensions 22 cm.
500 ## - GENERAL NOTE
General note In Bengali.
504 ## - BIBLIOGRAPHY, ETC. NOTE
Bibliography, etc. note List of Tagore's works: p. 267-270.
504 ## - BIBLIOGRAPHY, ETC. NOTE
Bibliography, etc. note Bibliographical footnotes.
600 10 - SUBJECT ADDED ENTRY--PERSONAL NAME
Personal name Tagore, Rabindranath,
Dates associated with a name 1861-1941.
600 30 - SUBJECT ADDED ENTRY--PERSONAL NAME
Personal name Tagore family.

No items available.

Powered by Koha